000 01322cam a2200313 i 4500
001 17530435
003 PILC
005 20151106083445.0
008 121115s2014 maua 001 0 eng
010 _a 2012045069
020 _a9789814628525
040 _aDLC
_beng
_cDLC
_erda
_dDLC
042 _apcc
050 0 0 _aHF 5667
_b.Ar69 2015
082 0 0 _a657/.45
100 1 _aArens, Alvin A.
245 1 0 _aAuditing and assurance services :
_ban integrated approach /
_cAlvin A. Arens, Randal J. Elder, Mark S. Beasley.
250 _a15th edition.
260 _aSingapore :
_bPearson,
_c2015.
300 _axxi, 862 pages :
_billustrations ;
_c29 cm
500 _a"Includes coverage of international standards and global auditing issues, in addition to coverage of PCAOB Auditing Standards, the risk assessment SASs, the Sarbanes/Oxley Act, and Section 404 audits."
500 _aIncludes index.
650 0 _aAuditing.
700 1 _aElder, Randal J.
700 1 _aBeasley, Mark S.
906 _a7
_bcbc
_corignew
_d1
_eecip
_f20
_gy-gencatlg
942 _2lcc
_cBK
_kFOR
999 _c288952
_d288952